Missing Word: John Steinbeck Quiz Stats

 Plays Quiz Updated Aug 9, 2013

Support Sporcle.
Go Orange.
Score 0/14 Timer 03:00
0 Plays Today
Work Missing Word % Correct
Of _____ and MenMice
99.3%
The Grapes of _____Wrath
97.1%
_____ of EdenEast
84.2%
The _____ of our DiscontentWinter
56.7%
_____ RowCannery
55.1%
Travels _____ CharleyWith
52.3%
The _____ PonyRed
37.2%
Work Missing Word % Correct
_____ FlatTortilla
34.1%
_____ PearlThe
28.2%
_____ Away: The Story of a Bomber TeamBombs
27.7%
Viva _____!Zapata
15.2%
In Dubious _____Battle
9%
America and _____Americans
5.7%
A _____ JournalRussian
3.8%

Today's Daily Dose

Missing Word
Candy Slogans

Quick Pick
Batman's Robins

Get the Picture
Streaming Services

From the Vault

Literary Character by Quotation

by peterpan55

'Don't underestimate the value of Doing Nothing, of just going along, listening to all the things you can't hear, and not bothering.'
Remove Ads.
Support Sporcle.
Get the best of Sporcle when you Go Orange. This ad-free experience offers more features, more stats, and more fun while also helping to support Sporcle. Thank you for becoming a member.

Show Comments

Extras

Top Quizzes Today


Score Distribution

Your Account Isn't Verified!

In order to create a playlist on Sporcle, you need to verify the email address you used during registration. Go to your Sporcle Settings to finish the process.

Report this User

Report this user for behavior that violates our Community Guidelines.

Details: